000 01207nam a2200373 i 4500
001 0087668
003 DO-SdBPM
005 20260305110118.0
007 ta
008 901120s2004 ck spa
020 _a9580450358
035 _a
040 _aDO-SdBPM
_bspa
_cBPMSU
_erda
080 0 _a
080 0 _a
082 0 4 _a869.3
_bM149b 2004
_222
100 2 _aMachado, Ana María,
_d1941-
_4 aut.
_eautora
245 1 3 _a El barbero y el coronel /
_cAna María Machado ; ilustraciones de Ivar Da Coll ; traducción de Juan Fernando Esguerra.
_h
_b
250 _a
264 _aBogotá :
_bNorma,
_c2004
300 _a48 páginas :
_bilustraciones ,
_c20 cm.
336 _atexto
_btxt
_2rdacontent
337 _asin mediación
_bn
_2rdamedia
338 _avolumen
_bnc
_2rdacarrier
490 0 _aTorre de papel,
_v1
500 _aPara niños a partir de los 7 años.
590 _aInventariado,2026/VM
650 7 _aCuentos juveniles brasileños
650 7 _aLiteratura juvenil brasileña
700 1 _a Esguerra, Juan Fernando
_etraductor
_d
700 1 _aDa Coll, Ivar,
_e ilustración
_d1962-
910 _aVMateo V. Control de calidad. BPMSU
942 _2ddc
_cBK
999 _c9241
_d9241